header

Slope stability in surface mining (Record no. 149629)

MARC details
000 -LEADER
fixed length control field 01571nam a2200361 a 4500
082 04 - DEWEY DECIMAL CLASSIFICATION NUMBER
Classification number 622/.292
245 00 - TITLE STATEMENT
Title Slope stability in surface mining
260 ## - PUBLICATION, DISTRIBUTION, ETC. (IMPRINT)
Place of publication Littleton, Colo. :
Name of publisher Society for Mining, Metallurgy, and Exploration,
Year of publication 2001.
300 ## - PHYSICAL DESCRIPTION
Number of Pages xvii, 442 p. :
Other physical details ill., maps.
505 0# - FORMATTED CONTENTS NOTE
Formatted contents note section 1. Rock slope design considerations -- section 2. Case studies in rock slope stability -- section 3. Stability of wawste rock embankments -- section 4. Tailings and heap leaching.
650 #0 - SUBJECT ADDED ENTRY--TOPICAL TERM
Topical Term Strip mining.
Topical Term Slopes (Soil mechanics)
700 1# - ADDED ENTRY--PERSONAL NAME
Personal name Hustrulid, W. A.
Personal name McCarter, M. K.
Personal name Van Zyl, Dirk J. A.
856 40 - ELECTRONIC LOCATION AND ACCESS
Uniform Resource Identifier http://site.ebrary.com/lib/rucke/Doc?id=10742697

No items available.

© 2026 Rongo University
Contact us: librarian | system librarian | Rongo university